000 01963cam a22004814i 4500
003 PE-LiUPU
005 20250731173441.0
008 150616s r 000 0 d
035 _a(Sirsi) a5694
040 _aPE-LiUPU
_bspa
_cPE-LiUPU
_erda
049 _aPRUA
082 0 4 _a291.63
_bH19
_221
100 1 _aHammerly Dupuy, Daniel,
_d1907-1972,
_eautor.
245 1 0 _aFundadores de religiones /
_cDaniel Hammerly Dupuy.
264 1 _as.l. :
_bEditorial "Selecciones Religiosas",
_c1962.
300 _a272 páginas ;
_c18 cm.
336 _atext
_2rdacontent
337 _aunmediated
_2rdamedia
338 _avolume
_2rdacarrier
505 0 _aMoisés, el libertador de Israel -- Krishna, El "Beato" -- Zoroastro, el "Justiciero" -- Lao-Tse, El "Venerable Filósofo" -- Confucio, El "Sabio perfecto" -- Gotama Buda, o el "Iluminado" -- Jesús, el Cristo o El "Salvador" y "Mesias" -- Mahoma, el "Profeta de Alá" -- Gandhl, El 'Mahatma" o El Magnantimo".
526 _aSEG42
526 _aSEG41
526 _aSEG40
526 _aSEG39
526 _aP94
526 _aP87
526 _aP86
526 _aP85
526 _aP77
526 _aP76
526 _aP35
650 0 4 _aCristianismo y otras religiones.
_91630
650 0 4 _aReligiones.
910 _ajck
_bjvq
_cjck
942 _2ddc
_cBOOK
949 _a291.63 H19
_wDEWEY
_c1
_i39360
_lCCODEBUL1
_mBUL
_p00.00
_r0
_sY
_tBOOK
_u19951001
_xTEOLOGIA
_zUNKNOWN
_0COMPRA
_o.STAFF. Colección General
994 _aC0
_bPEPRU
596 _a1 4
999 _a291.63 H19
_wDEWEY
_c56750
_i39360
_f2021-11-12
_g5
_lCCODEBUL1
_mBUL
_r0
_sY
_tBOOK
_u2015-6-16
_xTEOLOGIA
_zUNKNOWN
_0COMPRA
_o.STAFF. Colección General
_d56750
999 _a291.63 H19
_wDEWEY
_c1
_i75268
_f2019-12-11
_g4
_lCCODECWL1
_mBWL
_r1
_sY
_tBOOK
_u2016-10-18
_xTEOLOGIA
_PP35
_0COMPRA
_o.STAFF. Colección TEOLOGIA
980 _81
_gALBERTO SANCHEZ Responsable de Automatización